Another Love - Tom Odell (Lyrics) - Statistics

General Stats
  • This quiz has been taken 483 times
  • The average score is 252 of 293
Answer Stats
Answer % Correct
a
99%
I
97%
win,
96%
you
96%
you,
96%
another
95%
love
95%
love,
95%
my
95%
My
95%
be
94%
On
94%
all
93%
All
93%
and
93%
And
93%
so
93%
So
93%
use
93%
wanna
93%
But
92%
but
92%
been
91%
tears
91%
know
90%
used
90%
have
89%
to
88%
up
87%
up,
87%
don't
84%
kiss
84%
make
84%
they
84%
alright
83%
care
83%
feel
83%
where
83%
cold
81%
it's
81%
take
81%
fucking
80%
I'll
79%
rude
79%
cry
78%
cry,
78%
just
77%
somewhere
77%
many
76%
times
76%
voice,
76%
broken
74%
pretty
74%
did
73%
lose
73%
heart
72%
last
72%
like
72%
fight
71%
hand's
71%
sing
71%
song
71%
spring
71%
won't
71%
brought
70%
in
70%
too
70%
I'm
69%
always
68%
string
67%
tired
67%
flower
66%
if
66%
one
66%
hurts
62%
somebody
62%
daffodils
61%
share
61%
ours
58%
sang
58%
nights
56%
learn
55%
Words,
54%
I'd
53%
fall
50%
Oh,
48%
'em
39%
that'd
38%
is
30%
of
23%
now
20%
need
13%
thinking
8%
No matching quizzes found
Score Distribution
Percent of People with Each Score
Percentile by Number Answered
Your Score History
You have not taken this quiz